| 000 | 00964cpmaa2200265 4500 | ||
|---|---|---|---|
| 001 | mm 79000933 | ||
| 003 | DLC | ||
| 005 | 20260227111633.0 | ||
| 008 | 790413|||||||||||| eng | ||
| 010 | _amm 79000933 | ||
| 040 |
_aDLC _cDLC _edacs _dDLC |
||
| 072 | 7 |
_aW _2lcmd |
|
| 100 | 1 |
_aCox, Samuel Sullivan, _d1824-1889. |
|
| 245 | 0 | 0 |
_aSamuel Sullivan Cox correspondence, _f1878. |
| 300 |
_a1 _fitem. |
||
| 506 | 0 | _aOpen to research. | |
| 545 | 0 | _aU.S. representative from Ohio and New York, diplomat, and author. | |
| 546 | _aCollection material in English. | ||
| 580 | _aForms part of: Miscellaneous Manuscripts collection. | ||
| 656 | 7 |
_aAuthors. _2itoamc |
|
| 656 | 7 |
_aDiplomats. _2itoamc |
|
| 656 | 7 |
_aRepresentatives, U.S. Congress _zNew York (State) _2itoamc |
|
| 656 | 7 |
_aRepresentatives, U.S. Congress _zOhio. _2itoamc |
|
| 999 |
_c40539 _d40539 |
||